000 00573nam a2200229Ia 4500
003 OSt
005 20221005120523.0
006 a|||||r|||| 00| 0
007 ta
008 221004b |||||||| |||| 00| 0 eng d
024 _a34971
037 _cTextual
040 _aCRL
_cCRL
_beng
041 _2eng
_aeng
082 _aZ52, H6
100 _aLee R W
_9629288
245 0 _aElements of Roman law with translation of the institutes of Justinian
260 _c1946
650 _aLAW
942 _hZ52, H6
_cTEXL
_2cc
999 _c1038336
_d1038336